[Event "VIE-ch U09"]
[Site "Ho Chi Minh City"]
[Date "2014.07.18"]
[Round "9"]
[White "Pham, Tu Khanh Hung"]
[Black "Vu, Quoc Trung"]
[Result "0-1"]
[WhiteElo "1507"]
[BlackElo "1452"]
[PlyCount "60"]
[EventDate "2014.07.13"]
[EventType "swiss"]
[EventRounds "9"]
[EventCountry "VIE"]
[SourceTitle "EXT 2016"]
[Source "ChessBase"]
[SourceDate "2015.10.08"]
[SourceVersion "1"]
[SourceVersionDate "2015.10.08"]
[SourceQuality "1"]

1. e4 e5 2. Bc4 Nf6 3. Nc3 Nc6 4. Nf3 Bc5 5. 0-0 0-0 6. d3 h6 7. Be3 Bb6 8. h3 d6 9. Ne2 Be6 10. Bb3 Nd7 11. Ng3 Nc5 12. Qc1 Nxb3 13. axb3 Bxe3 14. fxe3 a5 15. d4 exd4 16. exd4 Bd7 17. d5 Ne7 18. c4 c6 19. Qc3 cxd5 20. Nh5 f6 21. cxd5 Qb6+ 22. Kh1 Be8 23. Nf4 Bf7 24. Ra2 Qb5 25. Rfa1 b6 26. b4 axb4 27. Qc7 Rxa2 28. Rxa2 Nc8 29. Qc6 Qxc6 30. dxc6 Bxa2 0-1

[Event "VIE-ch U09"]
[Site "Ho Chi Minh City"]
[Date "2014.07.15"]
[Round "5"]
[White "Pham, Tu Khanh Hung"]
[Black "Cao, Minh Triet"]
[Result "0-1"]
[WhiteElo "1507"]
[BlackElo "1454"]
[PlyCount "52"]
[EventDate "2014.07.13"]
[EventType "swiss"]
[EventRounds "9"]
[EventCountry "VIE"]
[SourceTitle "EXT 2016"]
[Source "ChessBase"]
[SourceDate "2015.10.08"]
[SourceVersion "1"]
[SourceVersionDate "2015.10.08"]
[SourceQuality "1"]

1. e4 e5 2. Nf3 Nc6 3. d4 Qe7 4. Bg5 f6 5. Be3 d6 6. Nc3 f5 7. Nd5 Qf7 8. Nxc7+ Qxc7 9. Bb5 Qa5+ 10. Bd2 Qxb5 11. dxe5 dxe5 12. exf5 Bxf5 13. Bc3 Bg4 14. a4 Qb6 15. 0-0 e4 16. Re1 Nf6 17. h3 Bxf3 18. Qxf3 0-0-0 19. Qf5+ Kb8 20. Bxf6 gxf6 21. Qxf6 Be7 22. Qc3 Bb4 23. Qg3+ Bd6 24. Qg7 Rhg8 25. Qf7 Rdf8 26. Qa2 Qxf2+ 0-1

[Event "VIE-ch U09"]
[Site "Ho Chi Minh City"]
[Date "2014.07.14"]
[Round "3"]
[White "Pham, Tu Khanh Hung"]
[Black "Hoang, Viet"]
[Result "0-1"]
[WhiteElo "1507"]
[BlackElo "1448"]
[PlyCount "50"]
[EventDate "2014.07.13"]
[EventType "swiss"]
[EventRounds "9"]
[EventCountry "VIE"]
[SourceTitle "EXT 2016"]
[Source "ChessBase"]
[SourceDate "2015.10.08"]
[SourceVersion "1"]
[SourceVersionDate "2015.10.08"]
[SourceQuality "1"]

1. e4 e5 2. Nf3 Nc6 3. Bb5 a6 4. Bd3 Bc5 5. h3 h6 6. b3 d6 7. Bb2 Nf6 8. 0-0 0-0 9. c4 Be6 10. a3 a5 11. Bc2 Qe7 12. d4 exd4 13. Nxd4 Bxd4 14. Bxd4 Bd7 15. Nc3 Na7 16. Ne2 Bc6 17. e5 dxe5 18. Bxe5 Qxe5 19. Ng3 Rad8 20. Qb1 Qg5 21. Rd1 h5 22. Rxd8 Rxd8 23. Qa2 h4 24. f4 Qxg3 25. Bb1 Rd1# 0-1

[Event "VIE-ch U09"]
[Site "Ho Chi Minh City"]
[Date "2014.07.13"]
[Round "1"]
[White "Pham, Tu Khanh Hung"]
[Black "Dinh, Tien"]
[Result "1-0"]
[WhiteElo "1507"]
[BlackElo "1456"]
[PlyCount "71"]
[EventDate "2014.07.13"]
[EventType "swiss"]
[EventRounds "9"]
[EventCountry "VIE"]
[SourceTitle "EXT 2016"]
[Source "ChessBase"]
[SourceDate "2015.10.08"]
[SourceVersion "1"]
[SourceVersionDate "2015.10.08"]
[SourceQuality "1"]

1. e4 e5 2. Nf3 Bc5 3. Bc4 d6 4. h3 h6 5. Nc3 Nf6 6. 0-0 0-0 7. Ne2 Nxe4 8. a3 a5 9. d3 Nf6 10. c3 c6 11. Bb3 b5 12. Bc2 Re8 13. b4 axb4 14. cxb4 Bxb4 15. Bb2 Bc5 16. Ng3 Be6 17. d4 exd4 18. Nxd4 Bxd4 19. Qxd4 c5 20. Qc3 Bd5 21. Rfd1 Bc6 22. Rd2 Qe7 23. Re2 Qf8 24. Rxe8 Qxe8 25. Re1 Qf8 26. Qd3 Nbd7 27. Nh5 c4 28. Qf5 Be4 29. Bxe4 Nxe4 30. Rxe4 Ne5 31. f4 g6 32. Qf6 gxh5 33. fxe5 Kh7 34. exd6 Rd8 35. Rd4 Rd7 36. Qf5+ 1-0